000 00927nam a2200241Ia 4500
999 _c38580
_d38580
001 4697
003 GE_BSU
005 20200611153947.0
008 181216s2010||||ge |||||||||||||| ||geo||
020 _a9789941906442
040 _cGE_BSU
041 _ageo
080 _a616.31-089 ქ–54
245 _aქირურგიული სტომატოლოგია :
_bსახელმძღვ. /
_cრედ. : ტ. რობუსტოვი.
250 _aპირველი გაოცემა, თარგმანი
264 _aთბილისი :
_bშპს მთაწმინდელი ;
_c2010.
300 _a586 გვ. :
_bილ. ;
_c22 სმ.
541 _h40ლ.
653 _aქირურგიული სტომატოლოგია
653 _aსტომატოლოგია
700 _a რობუსტოვი, ტ.
_93363
942 _cBK
_2udc